000 00606nam a2200205Ia 4500
003 GCL
008 140319s9999 xx 000 0 ara d
040 _aGCL /
_cGCL
082 0 4 _aم
_b423.1
_bس ق
100 1 _aعمر الايوبى
245 1 0 _aقاموس اكسفورد للناشئة /
_cعمر الايوبى
700 1 _aسانسوم، روز مارى
260 _a[S.N] :
_bاكاديميا ،
_c1994
300 _a310 ص
650 0 4 _aالاطفال
650 0 4 _aاللغة العربية
650 0 4 _aالمعاجم
650 0 4 _aاللغة الانجليزية
942 _2ddc
_cREF
999 _c59563
_d59563